| 000 | 00672nam a22002177a 4500 | ||
|---|---|---|---|
| 003 | 0 | ||
| 005 | 20241227165510.0 | ||
| 008 | 241227b xxu||||| |||| 00| 0 eng d | ||
| 020 | _a978-1-98468-842-2 | ||
| 050 |
_aVK559 _b.J66 2024 |
||
| 100 | _aJones, Chris | ||
| 245 |
_aTraining manpower for cruising and ship industry _cChris Jones |
||
| 250 | _a2nd edition | ||
| 260 |
_aNew York _b3G E-Learning _c2024 |
||
| 300 |
_ax, 244 pages : _bcolored pictures ; _c26cm. |
||
| 504 | _aIncludes bibliographical references and index. | ||
| 650 | _aShips--Training. | ||
| 650 | _aShip industry--training. | ||
| 650 | _aManpower--Ship industry. | ||
| 942 |
_2lcc _cBK |
||
| 999 |
_c366847 _d366847 |
||